header

Spacecraft mission design (Record no. 224351)

MARC details
000 -LEADER
fixed length control field 01365nam a2200373 a 4500
082 04 - DEWEY DECIMAL CLASSIFICATION NUMBER
Classification number 629.4/1
100 1# - MAIN ENTRY--AUTHOR NAME
Personal name Brown, Charles D.,
245 10 - TITLE STATEMENT
Title Spacecraft mission design
250 ## - EDITION STATEMENT
Edition statement 2nd ed.
260 ## - PUBLICATION, DISTRIBUTION, ETC. (IMPRINT)
Place of publication Reston, Va. :
Name of publisher American Institute of Aeronautics and Astronautics,
Year of publication c1998.
300 ## - PHYSICAL DESCRIPTION
Number of Pages xi, 183 p. :
Other physical details ill.
490 1# - SERIES STATEMENT
Series statement AIAA education series
650 #0 - SUBJECT ADDED ENTRY--TOPICAL TERM
Topical Term Space flight
Topical Term Astrodynamics.
856 40 - ELECTRONIC LOCATION AND ACCESS
Uniform Resource Identifier http://site.ebrary.com/lib/rucke/Doc?id=10516779

No items available.

© 2026 Rongo University
Contact us: librarian | system librarian | Rongo university